| 000 | 00434nam a22001697a 4500 | ||
|---|---|---|---|
| 005 | 20170919161233.0 | ||
| 008 | 160914b xxu||||| |||| 00| 0 eng d | ||
| 022 | _a978-81-224-3123-0 | ||
| 082 | _a536.2 | ||
| 100 |
_aKothandaraman,C.P & Subramanyan, S _93533 |
||
| 245 | _aHeat And Mass Transfer data Book | ||
| 250 | _a7th | ||
| 260 |
_bNew Age International _c2013 |
||
| 300 | _a187 | ||
| 650 |
_aEngineering _93953 |
||
| 942 | _cBK | ||
| 999 |
_c5231 _d5229 |
||